ბათუმის შოთა რუსთაველის სახელმწიფო უნივერსიტეტის ბიბლიოთეკა

ბავშვთა და მოზარდთა ასაკობრივ-სქესობრივი საფუძვლები : (ბიბ.ჩანაწერი № 59541)

000 -ლიდერი
ფიქსირებული სიგრძის საკონტროლო ველი 01570nam a22002177a 4500
003 - საკონტროლო ნომრის იდენტიფიკატორი
საკონტროლო ველი Ge_BSU
005 - ბოლო ოპერაციის თარიღი და დრო
საკონტროლო ველი 20230313102526.0
008 - ფიქსირებული სიგრძის მონაცემთა ელემენტები - ზოგადი ინფორმაცია
ფიქსირებული სიგრძის საკონტროლო ველი 230313s2016 ge ||||| |||| 00| 0 geo d
041 ## - ენის კოდი
Language code of text/sound track or separate title geo
080 ## - უნივერსალური ათობითი კლასიფიკაციის ინდექსი
Universal Decimal Classification number 613.88 ს-96
100 ## - მთავარი ჩანაწერი - პიროვნების სახელი
Personal name სურმანიძე, რამაზ
9 (RLIN) 17175
245 ## - ცნობა სათაურის შესახებ
Title ბავშვთა და მოზარდთა ასაკობრივ-სქესობრივი საფუძვლები :
Remainder of title (დამხმარე სახელმძღვანელო მშობლების, პედაგოგების და სკოლის ექიმებისთვის) /
Statement of responsibility, etc რამაზ სურმანიძე ; რედაქტორი აკაკი ბერიძე.
264 ## - წარმოების, გამოცემის, დისტრიბუციის და სხვა ცნობები
გამოცემის, წარმოების, დისტრიბუციის... ადგილი თბილისი,
გამოცემის, წარმოების, დისტრიბუციის... თარიღი 2016.
300 ## - ფიზიკური აღწერა
Extent 188 გვ. ;
Other physical details 20 სმ.
500 ## - ზოგადი შენიშვნა
General note წიგნი გამოდის ქალთა არასამთავრობო ორგანიზაცია, ფონდი ”სოხუმის” ფინანსური მხარდაჭერით, აშშ სახელმწიფო დეპარტამენტის პროგრამის S/GWI Global Women, Peace and Security-ს ფარგლებში.
504 ## - BIBLIOGRAPHY, ETC. NOTE
Bibliography, etc ბიბლიოგრ. : გვ. 183-186.
653 ## - INDEX TERM--UNCONTROLLED
Uncontrolled term ბავშვთა სქესობრივი აღზრდა
653 ## - INDEX TERM--UNCONTROLLED
Uncontrolled term მედიცინა
700 ## - ADDED ENTRY--PERSONAL NAME
Personal name ბერიძე, აკაკი
Relator term რედაქტორი
9 (RLIN) 17176
942 ## - ADDED ENTRY ELEMENTS (KOHA)
Source of classification or shelving scheme
Koha item type წიგნი
ეგზემპლარები
ჩამოწერის სტატუსი დაკარგული ეგზემპლარის სტატუსი კლასიფიკაციის წყარო ან თაროზე გაწყობის სქემა დაზიანების სტატუსი არ გაიცემა მუდმივი მდებარეობა (დაცვის ადგილი) ამჟამინდელი ადგილსამყოფელი თაროზე განთავსების ადგილი შეძენის თარიღი ღირებულება, შესყიდვის ნორმალური ფასი სრული შენახვის შიფრი შტრიხკოდი ბოლო ოპერაციის თარიღი ეგზემპლარის მიმდევრობითი ნომერი (კეტერი?) ფასის ძალაში შესვლის თარიღი ეგზემპლარის სახეობა საჯარო შენიშვნა Uniform Resource Identifier
          ბათუმის შოთა რუსთაველის სახელმწიფო უნივერსიტეტის მთავარი ბიბლიოთეკა ბათუმის შოთა რუსთაველის სახელმწიფო უნივერსიტეტის მთავარი ბიბლიოთეკა წიგნსაცავი 2023-03-13 5.00 613.88 ს-96 63990 2023-03-13 63990 2023-03-13 წიგნი 5 ლ.  
          ბათუმის შოთა რუსთაველის სახელმწიფო უნივერსიტეტის მთავარი ბიბლიოთეკა ბათუმის შოთა რუსთაველის სახელმწიფო უნივერსიტეტის მთავარი ბიბლიოთეკა წიგნსაცავი 2025-01-24 5.00 613.88 ს-96 70408 2025-01-24 70408 2025-01-24 წიგნი 5.00 ნაჩუქარი